000 00908nam a2200277Ia 4500
005 20150618082425.0
008 130821s2011 sp gr spa
020 _a9788497593151
040 _aCO-BoUCM
_bspa
_cJose A. Gerena (modificó)
_d[Nuevo]
041 0 0 _aspa
100 1 _aMontanelli, Indro
_d1909-
_967788
245 1 0 _aHistoria de Roma
_cIndro Montanelli ; traducción de Domingo Pruna
250 _a5a ed
260 _aBarcelona (España)
_bRandom House Mondadori
_c2011
300 _a454 páginas
490 0 _aDebolsillo
_v13
500 _aIncluye cronología
650 0 7 _aHistoria
_97695
651 4 _aRoma (Italia)
_xCivilización
_967789
651 4 _aRoma (Italia)
_xHistoria
_926698
690 _942846
_aHistoria de Europa
700 1 _aPruna, Domingo
_967790
765 1 _tStoria di roma
942 _cLIBRO
_a21
_e5
_mM764h
_2DEWEY
_h937.06
999 _c41577
_d41577